| 000 | 00724nam a2200289Ia 4500 | ||
|---|---|---|---|
| 001 | Z_4452 | ||
| 003 | CHAP | ||
| 008 | 220113s1974 xx 000 0 und d | ||
| 010 | _a167522 | ||
| 040 | _cCHAP | ||
| 082 | _a633.2 H85 | ||
| 100 |
_aHumphreys, L R _956897 |
||
| 245 |
_aA guide to better pastures for the tropics and sub-tropics / _cpor L R Humphreys |
||
| 260 |
_as.l. : _bs.e., _c1974 |
||
| 300 | _a95 h | ||
| 440 | _a | ||
| 500 | _aFotocopía | ||
| 503 | _aFOTOCOPÍA | ||
| 650 |
_aPastizales _xMejoramiento _985947 |
||
| 650 |
_aPastizales _xTrópicos _985963 |
||
| 901 | _a633.2 H85 | ||
| 902 | _aA | ||
| 910 | _a1974 | ||
| 942 | _c1 | ||
| 942 | _cc1 | ||
| 999 |
_c167522 _d167522 |
||